Statistics for Hidden letters #2

Click here to take the quiz!

General Stats

  • This quiz has been taken 67 times
  • The average score is 8 of 11

Answer Stats

HintAnswer% Correct
Capital of RussiaMoscow
96%
Capital of NorwayOslo
96%
United State with capital of Salt Lake CityUtah
91%
Guided answer #1: Enter first letter of each answer so far (in order)MOU
89%
Country of which Mount Everest is inNepal
86%
Guided answer #2: Enter first letter for each answer so far (in order)MOUNT
75%
United State with capital of LincolnNebraska
70%
Hidden word:MOUNTAIN
67%
Mountain region in Eastern United StatesAppalachian
60%
Plateau region in West ChinaTibet
60%
Major river in PakistanIndus
46%

Score Distribution

Percentile by Number Answered

Percent of People with Each Score

Your Score History

You have not taken this quiz